| 000 | 01108nam a2200313 i 4500 | ||
|---|---|---|---|
| 999 |
_c200442333 _d60545 |
||
| 001 | 200442333 | ||
| 003 | TR-AnTOB | ||
| 005 | 20230602163702.0 | ||
| 007 | ta | ||
| 008 | 210728s1970 fr a 000 0 fra d | ||
| 035 | _a(TR-AnTOB)200442333 | ||
| 040 |
_aTR-AnTOB _beng _erda _cTR-AnTOB |
||
| 041 | 0 | _afre | |
| 050 | 4 |
_aHC79.I5 _bH55 1971 |
|
| 090 |
_aHC79.I5 _bH55 1971 |
||
| 100 | 1 |
_aHill, Peter _c(Statistician) _eauthor _9131689 |
|
| 245 | 1 | 0 |
_aLa mesure de la production en termes réels : _bune analyse théorique et empirique des taux de croissance de diverses branches d'activité dans différents pays. |
| 264 | 1 |
_a[Paris] : _bOrganisation de coopération et de développement économiques, _c1971. |
|
| 300 |
_a136 pages : _btables ; _c25 cm |
||
| 336 |
_atext _btxt _2rdacontent |
||
| 337 |
_aunmediated _bn _2rdamedia |
||
| 338 |
_avolume _bnc _2rdacarrier |
||
| 490 | 0 | _aSérie des études économiques (OCDE). | |
| 650 | 0 |
_aGross national product _9130367 |
|
| 650 | 0 |
_aNational income _xAccounting _937668 |
|
| 942 |
_2lcc _cBK |
||